Tiempo, espacio y trasnacionalismo: algunas reflexiones /
Este trabajo presenta una serie de reflexión sobre el concepto del transnacionalismo, desde una perspectiva espacio-temporal
সংরক্ষণ করুন:
| প্রধান লেখক: | |
|---|---|
| বিন্যাস: | পাঠ্য |
| বিষয়গুলি: | |
| ট্যাগগুলো: |
ট্যাগ যুক্ত করুন
কোনো ট্যাগ নেই, প্রথমজন হিসাবে ট্যাগ করুন!
|
MARC
| LEADER | 00000 a a2200000 04500 | ||
|---|---|---|---|
| 001 | 11662 | ||
| 003 | |||
| 040 | |||
| 100 | |a Hiernaux-Nicolas, Daniel | ||
| 245 | |a Tiempo, espacio y trasnacionalismo: |b algunas reflexiones / |c Daniel Hiernaux-Nicolas | ||
| 520 | |a Este trabajo presenta una serie de reflexión sobre el concepto del transnacionalismo, desde una perspectiva espacio-temporal | ||
| 650 | |a TRANSNACIONALISMO | ||
| 650 | |a MIGRACION | ||
| 773 | |g volumen 13, número 53; páginas 47-69 | ||
| 999 | |c 20447 |d 20447 | ||
